000 00408nam a2200157 4500
001 148252
003 ES-MaACL
005 20230906202522.0
007 t|
008 070214s1918 fr r ||||1| fre d
100 1 _aStarczerrski, Eugene.
_9107926
245 1 2 _aL'Europe et le Pologne /
_cEugene Starczerrski.
260 _aParis :
_b[s. n.],
_c1918.
300 _aXXI, 368 p.
852 _aES-MaACL
_jF-2151
999 _c148252
_d148252